Флагове на държави, които започват с П - Statistics

General Stats
  • This quiz has been taken 51 times
  • The average score is 7 of 8
Answer Stats
Picture Answer % Correct
Пакистан
98%
Полша
98%
Португалия
98%
Панама
93%
Папуа Нова Гвинея
91%
Парагвай
91%
Палау
84%
Перу
82%
No matching quizzes found
Score Distribution
Percent of People with Each Score
Percentile by Number Answered
Your Score History
You have not taken this quiz